[Event "55. Hungria ch"]
[Site "Kazincbarcika HUN"]
[Date "2005.05.16"]
[Round "7.2"]
[White "Erdos, Viktor"]
[Black "Balogh, Csaba"]
[Result "1-0"]
[WhiteElo "2480"]
[BlackElo "2531"]
[PlyCount "137"]
[EventDate "2005.05.10"]
[EventType "tourn"]
[EventRounds "9"]
[EventCountry "HUN"]
[EventCategory "13"]
[Source "lmi"]
[SourceDate "2005.05.19"]
[WhiteTeam "Hungary"]
[BlackTeam "Hungary"]
[WhiteTeamCountry "HUN"]
[BlackTeamCountry "HUN"]

1. d4 Nf6 2. c4 e6 3. Nc3 Bb4 4. Qc2 d5 5. cxd5 exd5 6. Bg5 h6 7. Bxf6 Qxf6 8.
a3 Bxc3+ 9. Qxc3 O-O 10. e3 c6 11. Nf3 Re8 12. Bd3 Bf5 13. Bxf5 Qxf5 14. O-O
Nd7 15. b4 Nb6 16. a4 Nc4 17. b5 cxb5 18. axb5 a5 19. bxa6 Rxa6 20. Rxa6 bxa6
21. Nd2 Nxd2 22. Qxd2 Rc8 23. Qe2 Rc6 24. h3 Qc2 25. Qxc2 Rxc2 26. Ra1 Rc6 27.
Ra5 Rd6 28. Rc5 Kf8 29. Rc7 Ke8 30. Ra7 h5 31. g3 Rb6 32. Kg2 g6 33. Rc7 Rf6
34. g4 hxg4 35. hxg4 Rd6 36. Kf3 g5 37. Kg3 Rb6 38. Rc5 Rb5 39. Rc6 Ra5 40. Rc7
Rb5 41. Ra7 Ra5 42. f4 gxf4+ 43. Kxf4 Kf8 44. Rc7 Rb5 45. g5 Rb8 46. Rd7 Rb5
47. Ke5 Rb3 48. Kf6 Rb6+ 49. Kf5 Rb3 50. Kf4 Rb5 51. Rc7 Rb8 52. Ra7 Rb6 53.
Ke5 Re6+ 54. Kxd5 Rxe3 55. Rxa6 Rg3 56. Kc6 Rxg5 57. d5 Ke7 58. d6+ Ke6 59. Ra8
Rg1 60. Re8+ Kf5 61. d7 Rc1+ 62. Kb5 Rd1 63. d8=Q Rxd8 64. Rxd8 Ke4 65. Kc4 f5
66. Re8+ Kf3 67. Kd3 f4 68. Rf8 Kg3 69. Ke2 1-0

[Event "55. Hungria ch"]
[Site "Kazincbarcika HUN"]
[Date "2005.05.16"]
[Round "7.3"]
[White "Varga, Zoltan"]
[Black "Horvath, Adam"]
[Result "0-1"]
[WhiteElo "2515"]
[BlackElo "2555"]
[PlyCount "94"]
[EventDate "2005.05.10"]
[EventType "tourn"]
[EventRounds "9"]
[EventCountry "HUN"]
[EventCategory "13"]
[Source "lmi"]
[SourceDate "2005.05.19"]
[WhiteTeam "Hungary"]
[BlackTeam "Hungary"]
[WhiteTeamCountry "HUN"]
[BlackTeamCountry "HUN"]

1. d4 Nf6 2. c4 e6 3. Nc3 Bb4 4. Bd2 O-O 5. Nf3 b6 6. e3 Bb7 7. Be2 d6 8. O-O
Nbd7 9. b3 Qe7 10. Ne1 Bxc3 11. Bxc3 Ne4 12. Bb2 Qg5 13. g3 f5 14. Ng2 Qe7 15.
f3 Ng5 16. h4 Nf7 17. Qc2 c5 18. Rae1 Nh6 19. Qd2 Nf6 20. Rd1 Rad8 21. Qc3 Nh5
22. Kh2 cxd4 23. Rxd4 e5 24. Rd2 Qf6 25. Rg1 Qg6 26. Ne1 Nf6 27. Qc2 Qh5 28.
Qd1 f4 29. e4 fxg3+ 30. Kh3 g5 31. Ng2 g4+ 32. fxg4 Bc8 33. Ne3 Nxe4 34. Rxg3
Rf2 35. Rg2 Ng5+ 36. Kg3 Ne4+ 37. Kh3 Rxg2 38. Nxg2 Nxd2 39. Qxd2 Bxg4+ 40.
Bxg4 Qxg4+ 41. Kh2 Nf7 42. Qf2 Re8 43. Bc3 Re6 44. a4 Rg6 45. a5 Nh6 46. axb6
axb6 47. Ne3 Qe4 0-1

[Event "55. Hungria ch"]
[Site "Kazincbarcika HUN"]
[Date "2005.05.16"]
[Round "7.4"]
[White "Gyimesi, Zoltan"]
[Black "Portisch, Lajos"]
[Result "1-0"]
[WhiteElo "2595"]
[BlackElo "2525"]
[PlyCount "140"]
[EventDate "2005.05.10"]
[EventType "tourn"]
[EventRounds "9"]
[EventCountry "HUN"]
[EventCategory "13"]
[Source "lmi"]
[SourceDate "2005.05.19"]
[WhiteTeam "Hungary"]
[BlackTeam "Hungary"]
[WhiteTeamCountry "HUN"]
[BlackTeamCountry "HUN"]

1. d4 d5 2. c4 e6 3. Nc3 Be7 4. Nf3 Nf6 5. Bf4 O-O 6. e3 Nbd7 7. cxd5 Nxd5 8.
Nxd5 exd5 9. a3 c5 10. dxc5 Nxc5 11. Be5 Bf6 12. Be2 Bxe5 13. Nxe5 Re8 14. Nf3
Qb6 15. Rc1 Ne4 16. Qd4 Qg6 17. O-O Bh3 18. Ne1 Rad8 19. Kh1 Bf5 20. Nf3 a6 21.
Nh4 Qg5 22. Nxf5 Qxf5 23. Kg1 Rc8 24. Bf3 Nf6 25. h3 h6 26. b4 Qe6 27. Rfd1
Rxc1 28. Rxc1 Re7 29. Rc5 Rd7 30. a4 Ne4 31. Rc8+ Kh7 32. Rc1 Ng5 33. Be2 f5
34. Bd3 Ne4 35. g3 Rf7 36. Kg2 h5 37. h4 Re7 38. b5 axb5 39. axb5 Qd6 40. b6
Kg6 41. Rc8 Nf6 42. Rc2 Ne4 43. Rc1 Nf6 44. Rc8 Ne4 45. Rc7 Rxc7 46. bxc7 Qxc7
47. Qxd5 Qc6 48. Bxe4 fxe4 49. Qg5+ Kh7 50. Qxh5+ Kg8 51. Qe5 b5 52. g4 Qb7 53.
g5 g6 54. Qd6 Qf7 55. Kf1 Qf5 56. Ke1 Kg7 57. Qe7+ Kg8 58. Qd8+ Kg7 59. Qd4+
Kg8 60. Kd1 Kf7 61. Qa7+ Kg8 62. Qb8+ Kg7 63. Qc7+ Kg8 64. Qd8+ Kg7 65. Qe7+
Kg8 66. Kc1 Qd5 67. Kb2 Qd2+ 68. Kb3 Qd1+ 69. Kb4 Qa4+ 70. Kc3 Qa1+ 1-0

[Event "55. Hungria ch"]
[Site "Kazincbarcika HUN"]
[Date "2005.05.17"]
[Round "8.1"]
[White "Cao Sang"]
[Black "Almasi, Zoltan"]
[Result "0-1"]
[WhiteElo "2536"]
[BlackElo "2628"]
[PlyCount "118"]
[EventDate "2005.05.10"]
[EventType "tourn"]
[EventRounds "9"]
[EventCountry "HUN"]
[EventCategory "13"]
[Source "lmi"]
[SourceDate "2005.05.19"]
[WhiteTeam "Hungary"]
[BlackTeam "Hungary"]
[WhiteTeamCountry "HUN"]
[BlackTeamCountry "HUN"]

1. e4 c5 2. Nf3 e6 3. Nc3 a6 4. g3 d6 5. Bg2 Nf6 6. O-O Be7 7. b3 O-O 8. Bb2 e5
9. a4 Nc6 10. d3 Nd4 11. h3 Bd7 12. Kh2 Bc6 13. Re1 b5 14. Nd5 Nxf3+ 15. Bxf3
Bxd5 16. exd5 b4 17. Bg2 Nd7 18. a5 Rb8 19. c3 Rb5 20. cxb4 cxb4 21. d4 Bf6 22.
dxe5 Nxe5 23. Ra4 Nd7 24. Bxf6 Qxf6 25. Ra2 Nc5 26. Bf1 Rb7 27. Bc4 g6 28. Kg2
Kg7 29. Re3 Re7 30. Rxe7 Qxe7 31. Re2 Qd8 32. Qd4+ f6 33. Qf4 Rf7 34. h4 h5 35.
g4 hxg4 36. Qxg4 f5 37. Qf4 Qf6 38. Re8 Rf8 39. Re1 Rh8 40. Qg5 Kf7 41. f3 Rxh4
42. Qxf6+ Kxf6 43. Re8 Rd4 44. Rb8 Ke5 45. Kg3 Rxc4 46. bxc4 b3 47. Rb6 g5 48.
f4+ gxf4+ 49. Kf3 Kd4 50. Rxd6 Kxc4 51. Rb6 Kxd5 52. Rb4 Ke5 53. Ke2 Ne6 54.
Kd3 f3 55. Ke3 f4+ 56. Kxf3 Nd4+ 57. Kg4 f3 58. Kg3 Kd5 59. Rb6 Nb5 0-1

[Event "55. Hungria ch"]
[Site "Kazincbarcika HUN"]
[Date "2005.05.17"]
[Round "8.2"]
[White "Portisch, Lajos"]
[Black "Ruck, Robert"]
[Result "1/2-1/2"]
[WhiteElo "2525"]
[BlackElo "2551"]
[PlyCount "27"]
[EventDate "2005.05.10"]
[EventType "tourn"]
[EventRounds "9"]
[EventCountry "HUN"]
[EventCategory "13"]
[Source "lmi"]
[SourceDate "2005.05.19"]
[WhiteTeam "Hungary"]
[BlackTeam "Hungary"]
[WhiteTeamCountry "HUN"]
[BlackTeamCountry "HUN"]

1. c4 e5 2. g3 Nf6 3. Bg2 d5 4. cxd5 Nxd5 5. Nf3 Nc6 6. O-O Nb6 7. d3 Be7 8. a3
O-O 9. Nbd2 a5 10. b3 Be6 11. Bb2 f6 12. Qc2 Qd7 13. Rfd1 Rfd8 14. Rac1 1/2-1/2

[Event "55. Hungria ch"]
[Site "Kazincbarcika HUN"]
[Date "2005.05.17"]
[Round "8.3"]
[White "Horvath, Adam"]
[Black "Gyimesi, Zoltan"]
[Result "1/2-1/2"]
[WhiteElo "2555"]
[BlackElo "2595"]
[PlyCount "66"]
[EventDate "2005.05.10"]
[EventType "tourn"]
[EventRounds "9"]
[EventCountry "HUN"]
[EventCategory "13"]
[Source "lmi"]
[SourceDate "2005.05.19"]
[WhiteTeam "Hungary"]
[BlackTeam "Hungary"]
[WhiteTeamCountry "HUN"]
[BlackTeamCountry "HUN"]

1. e4 e5 2. Nf3 Nc6 3. Bb5 a6 4. Ba4 Nf6 5. O-O Be7 6. Re1 b5 7. Bb3 d6 8. c3
O-O 9. h3 Nb8 10. d4 Nbd7 11. Nbd2 Bb7 12. Bc2 Re8 13. Nf1 Bf8 14. Ng3 g6 15.
b3 d5 16. Nxe5 Nxe5 17. dxe5 Nxe4 18. Nxe4 dxe4 19. Qxd8 Raxd8 20. Bf4 Ba3 21.
Rab1 Bc5 22. Bxe4 Bxe4 23. Rxe4 Rd3 24. Rc1 f6 25. b4 Bb6 26. h4 fxe5 27. Rxe5
Rxe5 28. Bxe5 Rd2 29. Bg3 Rxa2 30. c4 bxc4 31. Rxc4 Ra4 32. Bxc7 Bxc7 33. Rxc7
Rxb4 1/2-1/2

[Event "55. Hungria ch"]
[Site "Kazincbarcika HUN"]
[Date "2005.05.17"]
[Round "8.4"]
[White "Balogh, Csaba"]
[Black "Varga, Zoltan"]
[Result "1/2-1/2"]
[WhiteElo "2531"]
[BlackElo "2515"]
[PlyCount "50"]
[EventDate "2005.05.10"]
[EventType "tourn"]
[EventRounds "9"]
[EventCountry "HUN"]
[EventCategory "13"]
[Source "lmi"]
[SourceDate "2005.05.19"]
[WhiteTeam "Hungary"]
[BlackTeam "Hungary"]
[WhiteTeamCountry "HUN"]
[BlackTeamCountry "HUN"]

1. e4 e6 2. d4 d5 3. Nc3 dxe4 4. Nxe4 Nd7 5. Nf3 Ngf6 6. Nxf6+ Nxf6 7. c3 c5 8.
Bb5+ Bd7 9. Bxd7+ Qxd7 10. Be3 cxd4 11. Bxd4 Be7 12. O-O O-O 13. Qe2 Qc7 14.
Rad1 Rfd8 15. c4 Bc5 16. Be5 Qb6 17. h3 Rxd1 18. Rxd1 Rd8 19. Rxd8+ Qxd8 20.
Bc3 Qd6 21. Qe5 Qxe5 22. Bxe5 Ne4 23. Bd4 Bxd4 24. Nxd4 e5 25. Nc2 f6 1/2-1/2

[Event "55. Hungria ch"]
[Site "Kazincbarcika HUN"]
[Date "2005.05.17"]
[Round "8.5"]
[White "Berkes, Ferenc"]
[Black "Erdos, Viktor"]
[Result "1/2-1/2"]
[WhiteElo "2617"]
[BlackElo "2480"]
[PlyCount "79"]
[EventDate "2005.05.10"]
[EventType "tourn"]
[EventRounds "9"]
[EventCountry "HUN"]
[EventCategory "13"]
[Source "lmi"]
[SourceDate "2005.05.19"]
[WhiteTeam "Hungary"]
[BlackTeam "Hungary"]
[WhiteTeamCountry "HUN"]
[BlackTeamCountry "HUN"]

1. c4 b6 2. Nf3 Bb7 3. g3 Bxf3 4. exf3 c5 5. Bg2 Nc6 6. f4 g6 7. d3 Bg7 8. Nd2
Nh6 9. Rb1 Nf5 10. a3 a5 11. h4 h5 12. Ne4 e6 13. Ng5 Rb8 14. Bd2 Nfd4 15. O-O
b5 16. Re1 b4 17. a4 Qe7 18. b3 f6 19. Bxc6 fxg5 20. Be4 gxh4 21. Bxg6+ Kd8 22.
Bxh5 hxg3 23. fxg3 Kc7 24. Kg2 Rbg8 25. Rh1 Bh6 26. Qe1 Qg7 27. Rh3 e5 28. Qe4
exf4 29. Bxf4+ Bxf4 30. Qxf4+ d6 31. Re1 Rf8 32. Qe4 Qf6 33. Qe7+ Qxe7 34.
Rxe7+ Kb6 35. Bf7 Rxh3 36. Kxh3 Nf5 37. Rd7 Kc6 38. Ra7 Kb6 39. Rd7 Kc6 40. Ra7
1/2-1/2

[Event "55. Hungria ch"]
[Site "Kazincbarcika HUN"]
[Date "2005.05.18"]
[Round "9.1"]
[White "Erdos, Viktor"]
[Black "Cao Sang"]
[Result "1/2-1/2"]
[WhiteElo "2480"]
[BlackElo "2536"]
[PlyCount "97"]
[EventDate "2005.05.10"]
[EventType "tourn"]
[EventRounds "9"]
[EventCountry "HUN"]
[EventCategory "13"]
[Source "lmi"]
[SourceDate "2005.05.19"]
[WhiteTeam "Hungary"]
[BlackTeam "Hungary"]
[WhiteTeamCountry "HUN"]
[BlackTeamCountry "HUN"]

1. d4 Nf6 2. c4 c5 3. d5 b5 4. Nf3 b4 5. a3 g6 6. axb4 cxb4 7. e4 Nxe4 8. Qd4
Nf6 9. Rxa7 Rxa7 10. Qxa7 Na6 11. Be3 Qc7 12. Qxc7 Nxc7 13. Be2 Bg7 14. Nbd2
O-O 15. Bc5 Ncxd5 16. cxd5 Nxd5 17. Bd4 Nf6 18. O-O d6 19. Nc4 h6 20. Re1 Bb7
21. Nfd2 Rc8 22. b3 d5 23. Ne5 Rc2 24. Nf1 Ne4 25. Bd3 Rc8 26. f4 Nc5 27. Bxc5
Rxc5 28. Nd2 Rc3 29. Bb1 e6 30. Nef3 Bf8 31. h4 Bc5+ 32. Kh2 Kg7 33. g3 Bf2 34.
Rf1 Be3 35. Re1 f5 36. Kh3 Kf6 37. Rd1 d4 38. Kh2 Bd5 39. Rf1 Bb7 40. Kh3 Ba6
41. Re1 Bf2 42. Rh1 Bb7 43. Rf1 Be3 44. Kh2 Bd5 45. Kh3 Bb7 46. Kh2 Ba6 47. Rh1
Bb5 48. Kh3 Ba6 49. Kh2 1/2-1/2

[Event "55. Hungria ch"]
[Site "Kazincbarcika HUN"]
[Date "2005.05.18"]
[Round "9.2"]
[White "Varga, Zoltan"]
[Black "Berkes, Ferenc"]
[Result "1-0"]
[WhiteElo "2515"]
[BlackElo "2617"]
[PlyCount "101"]
[EventDate "2005.05.10"]
[EventType "tourn"]
[EventRounds "9"]
[EventCountry "HUN"]
[EventCategory "13"]
[Source "lmi"]
[SourceDate "2005.05.19"]
[WhiteTeam "Hungary"]
[BlackTeam "Hungary"]
[WhiteTeamCountry "HUN"]
[BlackTeamCountry "HUN"]

1. e4 c5 2. Nf3 d6 3. d4 cxd4 4. Nxd4 Nf6 5. f3 e5 6. Nb3 Be7 7. c4 a5 8. Be3
a4 9. N3d2 O-O 10. Nc3 Qa5 11. Be2 Nc6 12. O-O Nd4 13. Bd3 Qb4 14. Rb1 Bd7 15.
Kh1 Bd8 16. f4 a3 17. fxe5 dxe5 18. Qc1 Ba5 19. Nd5 Nxd5 20. exd5 axb2 21. Rxb2
Qa3 22. Qb1 f5 23. Rxb7 Bc8 24. Bxd4 Bxb7 25. Bxe5 Bxd5 26. cxd5 Bxd2 27. Bxf5
Kh8 28. h3 Bc3 29. Bg3 Qxa2 30. Qd3 Qb2 31. Kh2 Be5 32. Rb1 Bxg3+ 33. Qxg3 Qd4
34. Be6 Rf4 35. Rb7 Raf8 36. Rf7 R8xf7 37. Bxf7 g6 38. Be6 Kg7 39. Qg5 Rf6 40.
Qg3 h5 41. Qg5 Rf1 42. h4 Rf6 43. Kh3 Qe4 44. Kg3 Qe1+ 45. Kh3 Qc3+ 46. Kh2 Qb4
47. Kh3 Rf1 48. Qe5+ Kh7 49. Kg3 Qa3+ 50. Kh2 Qe7 51. Bg8+ 1-0

[Event "55. Hungria ch"]
[Site "Kazincbarcika HUN"]
[Date "2005.05.18"]
[Round "9.3"]
[White "Gyimesi, Zoltan"]
[Black "Balogh, Csaba"]
[Result "1/2-1/2"]
[WhiteElo "2595"]
[BlackElo "2531"]
[PlyCount "47"]
[EventDate "2005.05.10"]
[EventType "tourn"]
[EventRounds "9"]
[EventCountry "HUN"]
[EventCategory "13"]
[Source "lmi"]
[SourceDate "2005.05.19"]
[WhiteTeam "Hungary"]
[BlackTeam "Hungary"]
[WhiteTeamCountry "HUN"]
[BlackTeamCountry "HUN"]

1. d4 Nf6 2. c4 g6 3. Nc3 d5 4. cxd5 Nxd5 5. e4 Nxc3 6. bxc3 Bg7 7. Nf3 c5 8.
Rb1 O-O 9. Be2 cxd4 10. cxd4 Qa5+ 11. Bd2 Qxa2 12. O-O b6 13. Qc1 Bb7 14. Bc4
Qa4 15. Bb5 Qa2 16. Bc4 Qa4 17. Bb5 Qa2 18. Re1 Rc8 19. Qd1 Qc2 20. Qe2 Qc7 21.
Rec1 Qd8 22. Rxc8 Qxc8 23. Rc1 Qd8 24. Bf4 1/2-1/2

[Event "55. Hungria ch"]
[Site "Kazincbarcika HUN"]
[Date "2005.05.18"]
[Round "9.4"]
[White "Ruck, Robert"]
[Black "Horvath, Adam"]
[Result "1/2-1/2"]
[WhiteElo "2551"]
[BlackElo "2555"]
[PlyCount "45"]
[EventDate "2005.05.10"]
[EventType "tourn"]
[EventRounds "9"]
[EventCountry "HUN"]
[EventCategory "13"]
[Source "lmi"]
[SourceDate "2005.05.19"]
[WhiteTeam "Hungary"]
[BlackTeam "Hungary"]
[WhiteTeamCountry "HUN"]
[BlackTeamCountry "HUN"]

1. d4 Nf6 2. Nf3 e6 3. c4 d5 4. Nc3 c5 5. cxd5 Nxd5 6. g3 Nc6 7. Bg2 cxd4 8.
Nxd4 Nxc3 9. bxc3 Nxd4 10. Qxd4 Qxd4 11. cxd4 Bb4+ 12. Bd2 Bxd2+ 13. Kxd2 Ke7
14. Rhc1 Rd8 15. Rc7+ Rd7 16. Rac1 Kd8 17. Rxd7+ Kxd7 18. g4 h6 19. f4 Rb8 20.
e4 b6 21. h4 Bb7 22. Ke3 g6 23. Bf1 1/2-1/2

[Event "55. Hungria ch"]
[Site "Kazincbarcika HUN"]
[Date "2005.05.18"]
[Round "9.5"]
[White "Almasi, Zoltan"]
[Black "Portisch, Lajos"]
[Result "1-0"]
[WhiteElo "2628"]
[BlackElo "2525"]
[PlyCount "73"]
[EventDate "2005.05.10"]
[EventType "tourn"]
[EventRounds "9"]
[EventCountry "HUN"]
[EventCategory "13"]
[Source "lmi"]
[SourceDate "2005.05.19"]
[WhiteTeam "Hungary"]
[BlackTeam "Hungary"]
[WhiteTeamCountry "HUN"]
[BlackTeamCountry "HUN"]

1. e4 e5 2. Nf3 Nc6 3. Bb5 a6 4. Ba4 Nf6 5. O-O Be7 6. Re1 b5 7. Bb3 d6 8. c3
O-O 9. h3 Na5 10. Bc2 c5 11. d4 Nc6 12. d5 Na5 13. Nbd2 Kh8 14. Nf1 Ng8 15. g4
h5 16. Kg2 Qd7 17. Ng3 g6 18. Rh1 h4 19. Nf5 gxf5 20. exf5 e4 21. Bxe4 Nf6 22.
Bc2 Rg8 23. Qd2 Rg7 24. b3 Bb7 25. c4 Nc6 26. Bb2 Kg8 27. Rad1 Re8 28. Rhe1 Ne5
29. Nxe5 dxe5 30. Bxe5 Bd8 31. Qc3 Rxe5 32. Qxe5 Kf8 33. Kf1 b4 34. Re3 Rg8 35.
Ke2 Qc8 36. Qd6+ Kg7 37. g5 1-0